| 000 | 01044nam a2200325 a 4500 | ||
|---|---|---|---|
| 001 | 000020534 | ||
| 003 | DO-SdBNP | ||
| 005 | 20230206122223.0 | ||
| 007 | ta | ||
| 008 | 110405s1996 dr 000 0 spa d | ||
| 040 |
_aDO-SdBNP _bspa _cBNPHU |
||
| 082 | 4 |
_a332.6 _b A797r _222 |
|
| 100 | 1 |
_aArzeno, Laura _943260 |
|
| 245 | 1 | 3 |
_aLa responsabilidad de la banca en el lavado de dinero / _cLaura Arzeno, Ilona de la Rocha ; presentación Eligio Bisonó B. |
| 260 |
_aSanto Domingo : _bBanreservas, _c1996. |
||
| 300 |
_axxiv, 350 p. ; _c23 cm. |
||
| 490 | 1 | _aBanreservas | |
| 490 | 1 |
_aDerecho _v1 |
|
| 500 | _aIncluye glosario de términos | ||
| 500 | _aIncluye notas a pie de páginas | ||
| 504 | _aBibliografía : p. 321-330 | ||
| 590 | _aInventariado, 2019/ YL | ||
| 700 | 1 |
_aRocha, Iliona de la _943261 |
|
| 700 | 1 |
_aBisonó B., Eligio, _epres. _919694 |
|
| 710 | 2 |
_aBanco de Reservas de la República Dominicana _96285 |
|
| 830 | 0 |
_aBanreservas _99258 |
|
| 830 | 0 |
_aDerecho _n1 _943262 |
|
| 910 | _aY/L | ||
| 942 |
_2ddc _cLBS1 |
||
| 999 |
_c20038 _d20038 |
||